LDR 00933naa#a2200253#i#450# 001 EN\\bibl\124572 005 20260630062038.2 011 ## _a2077-7566 100 ## _a20260629b2026####ek#y0engy0150####ca 101 0# _aRUS 102 ## _aRU 200 1# _aCHANGES IN THE BLOOD CHEMISTRY VALUES IN THE COURSE OF THE TREATMENT OF THE RAPIDLY PROGRESSIVE PERIODONTITIS _eJournal article 210 1# _aEkaterinburg _cTIRAZH Publishing House _d2026 215 ## _a6 с. 608 ## _aJournal article _2local 675 ## _aСтоматология. Заболевания ротовой полости и зубов. 616.31 _zRUS 700 #1 _aUspenskaya _gOl'ga Aleksandrovna 700 #1 _aKachesova _gEvgeniya Sergeevna 700 #1 _aAleksandrov _gAleksey Alekseevich 700 #1 _aShevchenko _gElena A. 700 #1 _aDolgalev _gAleksandr Anatol'evich 700 #1 _aHeigetyan _gArtur Varazdatovich 700 #1 _aKarammaeva _gMaryan R. 856 4# _adental-press.ru _u